• 首页
  • 本馆介绍
  • 公告通知
  • 最新文献
  • 馆藏检索
  • 电子资源
  • 读者导购
  • 参考咨询
  • 我的图书馆
  • 登录
  • 详细信息显示
  • 放入我的书架
  • 预约/预借图书
  • 作者相关作品
  • 分类相关作品
  • 丛书相关作品
  • 出版社相关作品

书目信息

  • 表格格式
  • 工作单格式
  • 卡片格式
题名:
民族的光辉
    
 
作者: 齐盼 著
分册: 上  
出版信息: 北京   地质出版社  1982
页数: 307页
开本: 19cm
丛书名:
单 册:
中图分类: K820 , G633.3
科图分类:
主题词: 人物--列传--中国
电子资源:
ISBN:
000 00645nam0 2200253 45
001 0182001239
005 20040429163122.3
010    @dCNY2.30
091    @a7038.新18
100    @a19950629d1982 em y0chiy0121 ea
101 0  @achi
102    @aCN@b110000
105    @ay z 000zc
106    @ar
200 10 @a民族的光辉@h上@Amin zu de guang hui@f齐盼著
210    @a北京@c地质出版社@d1982
215    @a307页@d19cm
606    @a人物@x列传@y中国
690    @aK820@v3
690    @aG633.3
701  0 @a齐盼@Aqi pan@4著
801  0 @aCN@b上海图书馆@c20040429
801  2 @aCN@bNLC@c20040429
905    @f3@b177866-868@f1@b71446@dG633.3@e28:1
    
    民族的光辉.上/齐盼著.-北京:地质出版社,1982
    307页;19cm
    
    
    ISBN :CNY2.30
    
●
相关链接 在E读中查询图书 在五车中查询图书 在当当中查询图书 在豆瓣中查询图书


正题名:民族的光辉     索取号:G633.3/28:1         预约/预借

序号 登录号 条形码 馆藏地/架位号 状态 备注
1 0071446   000477594   密集书库/ [索取号:G633.3/28:1] 在馆    
2 0071447   001718458   密集书库/ [索取号:G633.3/28:1] 在馆    
3 0071448   001517013   密集书库/ [索取号:G633.3/28:1] 在馆    
4 0071449   001722693   密集书库/ [索取号:G633.3/28:1] 在馆    
5 0071450   000477264   第一样本阅览室/ [索取号:G633.3/28:1] 在馆    
6 0177866   000477184   密集书库/ [索取号:G633.3/28:1] 在馆    
7 0177867   000477228   密集书库/ [索取号:G633.3/28:1] 在馆    
8 0177868   000477148   密集书库/ [索取号:G633.3/28:1] 在馆    
唐山师范学院图书馆 欢迎您!
大连网信软件有限公司© 版权所有